La política del buen vecino (Registro nro. 6572)

Detalles MARC
000 -ENCABEZADO
Número de control [NR] 00873nam a2200241Ia 4500
005 - FECHA Y HORA DE LA ÚLTIMA TRANSACCIÓN
control field 20211108100509.0
008 - DE LONGITUD FIJA DE DATOS DE ELEMENTOS - INFORMACIÓN GENERAL
Elementos de longitud fija [NR] 130821s1967 mx gr spa
020 ## - NUMERO INTERNACIONAL NORMALIZADO PARA LIBROS [R]
Número Internacional Normalizado del libro [NR] [sin ISBN]
040 ## - FUENTE DE CATALOGACION [NR]
Agencia de catalogación original [NR] CO-BoUCM
Idioma de catalogación [NR] spa
Quien Cataloga Jose A. Gerena (modificó)
Quien Clasifica [Nuevo]
041 ## - CODIGO DE IDIOMA [R]
Código de idioma para texto/pista de sonido o título separado [R] Español
100 1# - ASIENTO PRINCIPAL--NOMBRE PERSONAL [NR]
Nombre personal [NR] Wood, Bryce
ID Autoridad 68193
245 #3 - MENCION DE TITULO [NR]
Título [NR] La política del buen vecino
Mención de responsabilidad, etc. [NR] Bryce Wood; Traducción por Francisco Gómez Palacio
260 ## - PUBLICACION, DISTRIBUCION, ETC. (PIE DE IMPRENTA) [R]
Lugar de publicación, distribución, etc. [R] México D.F. (México)
Nombre del editor, distribuidor, etc. [R] Uteha
Fecha de publicación, distribución, etc. [R] 1967
300 ## - DESCRIPCION FISICA [R]
Extensión [R] ix, 394 páginas
490 ## - MENCION DE SERIE [R]
Mención de serie [R] Biblioteca Uteha de Historia
650 07 - ASIENTO SECUNDARIO DE MATERIA - TERMINO TEMATICO [R]
Término temático o nombre geográfico como elemento de entrada [NR] Ciencia política
9 (RLIN) 340
650 07 - ASIENTO SECUNDARIO DE MATERIA - TERMINO TEMATICO [R]
Término temático o nombre geográfico como elemento de entrada [NR] Relaciones internacionales
9 (RLIN) 8042
651 #4 - ASIENTO SECUNDARIO DE MATERIA - NOMBRE GEOGRAFICO [R]
Nombre geográfico [NR] Estados Unidos
Geographic name following place entry element [OBSOLETE] Relaciones internacionales
9 (RLIN) 448
690 ## - ASUNTO AGREGADO LOCAL DE ENTRADA - TÉRMINO TEMÁTICO (OCLC, RLIN)
Acceso temático local Relaciones internacionales
9 (RLIN) 8042
700 1# - ASIENTO SECUNDARIO - NOMBRE PERSONAL [R]
Nombre personal [NR] Gómez Palacio, Francisco
Término de relación [R] traductor
9 (RLIN) 114321
942 ## - ELEMENTOS DE ENTRADA AGREGADOS (KOHA)
Tipo de ítem principal el descrito en 300a Libro
Tema principal Ciencia política
Edición 1
Parte restante de la signatura top. W873p
Sistema de clasificación DEWEY
Clasificación 327.73
Existencias
Fecha de último préstamo Total préstamos Signatura topográfica Código de barras Última vez visto Ejemplar Price effective from Tipo de ítem Perdido Sistema de clasificación Dañado No prestable Tipo de ítem específico Suprimido Ubicación habitual Ubicación actual Localización Fecha de creación Forma de adquisición Costo
26/08/2016 8 327.73 W873p 100020030 06/06/2024 Ej.2 03/02/2013 Libro   DEWEY     Libro   Bodega Bodega 3er piso 28/02/2003 Compra 800.00